000 01542nam a2200397 i 4500
001 196168
003 ES-MaACL
005 20250825062656.0
008 240816s2019 sp a | |||| 001 p spa
015 _aMON22
017 _aM 5316-2019
_bOficina Depósito Legal Madrid
035 _a(SpMaBN)a7024048
035 _a991039676689708606
040 _aSpMaBN
_bspa
_cSpMaBN
_erda
080 _a821.134.2-14"19"
100 1 _aVilla Gil, Luis Enrique de la,
_d1935-
_eaut
_9114883
245 1 4 _aLos sonetos del trapecio con estrambote /
_cLuis Enrique de la Villa Gil.
250 _aPrimera edición: junio 2019
264 1 _a[Madrid?] :
_b[L.E. de la Villa],
_c[2019].
264 2 _aMadrid :
_bCampillo Nevado,
_c[2019].
300 _a145 paginas :
_bilustraciones (blanco y negro y color) ;
_c23 cm.
336 _aTexto
_aImagen fija
_2rdacontent
337 _asin mediación
_2rdamedia
338 _avolumen
_2rdacarrier
490 0 _aEl espolón encendido
500 _aÍndice
655 0 _aPoesías líricas
_2tgfbne
_9236779
655 0 _aSonetos
_2tgfbne
_9238417
655 7 _aLibros ilustrados
_2tgfbne
_9193653
852 _aES-MaACL
_bR.152831
_cDEPOJ
_jN-9236
_hDonación: Luis Enrique de la Villa Gil
_xEncuadernación cartoné con sobrecubiertas
_9205201
903 _aVilla Gil, Luis Enrique de la,
_d1935-
_ednr
_9114883
942 _cMONOGRAFIA
_n0
999 _c196168
_d196168